NFL 3rd Overall Draft Picks - Statistics

General Stats
  • This quiz has been taken 173 times
    98 since last reset
  • The average score is 6 of 43
Answer Stats
Year Answer % Correct
2021 Trey Lance
68%
2020 Jeff Okudah
46%
2018 Sam Darnold
46%
2007 Joe Thomas
43%
2016 Joey Bosa
37%
2022 Derek Stingley
34%
1999 Akili Smith
30%
2003 Andre Johnson
23%
2014 Blake Bortles
23%
2008 Matt Ryan
23%
2012 Trent Richardson
21%
2019 Quinnen Williams
18%
2017 Solomon Thomas
18%
1989 Barry Sanders
17%
2009 Tyson Jackson
16%
2006 Vince Young
15%
2004 Larry Fitzgerald
11%
2011 Marcel Dareus
11%
2002 Joey Harrington
9%
1983 Curt Warner
7%
2013 Dion Jordan
7%
2015 Dante Fowler
6%
2010 Gerald McCoy
5%
1996 Simeon Rice
4%
1995 Steve McNair
4%
1998 Andre Wadsworth
2%
2005 Braylon Edwards
2%
2001 Gerard Warren
2%
1980 Anthony Munoz
1%
1988 Bennie Blades
1%
1984 Carl Banks
1%
1982 Chip Banks
1%
2000 Chris Samuels
1%
1990 Cortez Kennedy
1%
1981 Freeman McNeil
1%
1994 Heath Shuler
1%
1986 Jim Everett
1%
1987 Alonzo Highsmith
0%
1991 Bruce Pickens
0%
1993 Garrison Hearst
0%
1985 Ray Childress
0%
1992 Sean Gilbert
0%
1997 Shawn Springs
0%
No matching quizzes found
Score Distribution
Percent of People with Each Score
Percentile by Number Answered
Your Score History
You have not taken this quiz since the last reset